TRAINING FOR ORGANIZATIONAL TRASNSFORMATION (Record no. 35678)
[ view plain ]
| 000 -LEADER | |
|---|---|
| fixed length control field | 00252nam a2200097Ia 4500 |
| 008 - FIXED-LENGTH DATA ELEMENTS--GENERAL INFORMATION | |
| fixed length control field | 170627s9999 xx 000 0 und d |
| 100 ## - MAIN ENTRY--PERSONAL NAME | |
| Personal name | LYNTON-ROLF P. AND PAREEK UDAI |
| 245 #0 - TITLE STATEMENT | |
| Title | TRAINING FOR ORGANIZATIONAL TRASNSFORMATION |
| 260 ## - PUBLICATION, DISTRIBUTION, ETC. | |
| Name of publisher, distributor, etc. | SAGE |
| 260 ## - PUBLICATION, DISTRIBUTION, ETC. | |
| Date of publication, distribution, etc. | 2006 |
| 546 ## - LANGUAGE NOTE | |
| Language note | ENGLISH |
| Withdrawn status | Lost status | Source of classification or shelving scheme | Damaged status | Not for loan | Home library | Current library | Date acquired | Total Checkouts | Barcode | Date last seen | Price effective from | Koha item type |
|---|---|---|---|---|---|---|---|---|---|---|---|---|
| NOIDA IIMT College of Engineering MBA | NOIDA IIMT College of Engineering MBA | 06/29/2017 | 21-B-2853 | 06/29/2017 | 06/29/2017 | Book Bank | ||||||
| NOIDA IIMT College of Engineering MBA | NOIDA IIMT College of Engineering MBA | 06/29/2017 | 21-B-2854 | 06/29/2017 | 06/29/2017 | Book Bank | ||||||
| NOIDA IIMT College of Engineering MBA | NOIDA IIMT College of Engineering MBA | 06/29/2017 | 21-B-2855 | 06/29/2017 | 06/29/2017 | Book Bank | ||||||
| NOIDA IIMT College of Engineering MBA | NOIDA IIMT College of Engineering MBA | 06/29/2017 | 21-B-2856 | 06/29/2017 | 06/29/2017 | Book Bank | ||||||
| NOIDA IIMT College of Engineering MBA | NOIDA IIMT College of Engineering MBA | 06/29/2017 | 21-B-2857 | 06/29/2017 | 06/29/2017 | Book Bank |

